| 000 | 01197nam a22003377a 4500 | ||
|---|---|---|---|
| 003 | CHAP | ||
| 005 | 20220329141218.0 | ||
| 008 | 971010s r 00010 d | ||
| 010 | _a64465 | ||
| 011 | _a65437 | ||
| 035 | _a72192 | ||
| 040 | _cCHAP | ||
| 090 | _aFolleto 3921 | ||
| 110 |
_aMéxico. Dirección General de Producción y Extensión Agrícola _977035 |
||
| 245 | _aRecomendaciones para el cultivo de maíz de temporal (P.V. 77) en el área de Angamacutiro | ||
| 260 |
_aMéxico, D.F. : _bLa Dirección, _c[197-?] |
||
| 300 | _a13 p. | ||
| 590 |
_aBATCH-UPD _b10 _c20130110 _lUCH01 _h1033 |
||
| 590 |
_aBATCH-UPD _b10 _c20130410 _lUCH01 _h0635 |
||
| 590 |
_aBATCH-UPD _b10 _c20130913 _lUCH01 _h2150 |
||
| 590 |
_aCONVERSION _b10 _c20130109 _lUCH01 _h1335 |
||
| 650 | 1 | 4 |
_aAgricultura de temporal. _91999 |
| 650 | 1 | 4 |
_aMaíz _xMichoacán. _971019 |
| 650 | 1 | 4 |
_aMaíz _xRendimiento. _971051 |
| 901 | _aBK | ||
| 942 | _cFOLL | ||
| 949 |
_aFolleto 3921 _bBC _cFOLL _d-147970 _eTS1 _i72192 _si |
||
| 949 |
_aFolleto 3921 _bBC _cFOLL _d-147971 _eTS2 _fc.2 _i72192 _si |
||
| 949 |
_aFolleto 3921 _bBC _cFOLL _d-147972 _eTS2 _fc.3 _i72192 _si |
||
| 949 |
_aFolleto 3921 _bBC _cFOLL _d-147973 _eTS2 _fc.4 _i72192 _si |
||
| 999 |
_c64465 _d64465 |
||